Cuaderno de la historia de Nalhuitad, elaborado por la comunidad, con el apoyo de la Ilustre Municipalidad de Chonchi y el Obispado de Ancud
Guardat en:
| Format: | Llibre |
|---|---|
| Idioma: | espanyol |
| Publicat: |
Ancud
Obispado de Ancud
1986
|
| Col·lecció: | Cuadernos de la Historia, 2
|
| Matèries: | |
| Etiquetes: |
Afegir etiqueta
Sense etiquetes, Sigues el primer a etiquetar aquest registre!
|
MARC
| LEADER | 00000nam a2200000 a 4500 | ||
|---|---|---|---|
| 001 | UCL5764 | ||
| 003 | CL-VaPUC | ||
| 008 | 040319e19860000CL |||||||||||||||||spa|d | ||
| 082 | 0 | 4 | |a 398.20983 |b CUA |2 21 |
| 245 | 1 | 0 | |a Cuaderno de la historia de Nalhuitad, elaborado por la comunidad, con el apoyo de la Ilustre Municipalidad de Chonchi y el Obispado de Ancud |
| 300 | |a 84 p | ||
| 942 | |c BK | ||
| 945 | |d 20040319 00:00:00 |a cmena | ||
| 260 | |a Ancud |b Obispado de Ancud |c 1986 | ||
| 650 | 7 | |a HISTORIA DE CHILOE |2 CL-VaPUC |9 474076 | |
| 650 | 0 | |a Tradición oral |9 321175 | |
| 650 | 0 | |a Costumbres y tradiciones |9 268292 | |
| 651 | 7 | |a NALHUITAD |2 CL-VaPUC |9 483477 | |
| 651 | 0 | |a Chiloé |9 265209 | |
| 583 | |a last modification |c 20040319 00:00:00 |k Rodrigo Vera | ||
| 490 | 0 | |a Cuadernos de la Historia, 2 | |
| 999 | |c 308192 |d 308190 | ||
| 952 | |0 0 |1 0 |4 0 |6 398_209830000000000_CUA_1986 |7 0 |8 X |9 374495 |a FDOMLP |b FDOMLP |d 2019-11-21 |i 3953866 |o 398.20983 CUA 1986 |p 3953866 |r 2019-11-21 |w 2019-11-21 |y BK_X |k BU2 | ||